GUESS KPOP GROUP LOGO - Statistics

General Stats
  • This quiz has been taken 1,149 times
    85 since last reset
  • The average score is 41 of 120
Answer Stats
Picture Answer % Correct
ENHYPEN
94%
BTS
92%
aespa
86%
TWICE
86%
Stray Kids
85%
ALLDAY PROJECT
82%
EXO
80%
KiiiKiii
80%
BLACKPINK
79%
Kep1er
77%
NMIXX
77%
ITZY
76%
izna
74%
P1Harmony
74%
FIFTY FIFTY
71%
KISS OF LIFE
71%
ILLIT
67%
LNGSHOT
65%
Billlie
64%
KATSEYE
62%
LE SSERAFIM
62%
RIIZE
62%
BABYMONSTER
61%
IVE
61%
NCT WISH
61%
MAMAMOO
59%
Red Velvet
58%
CORTIS
56%
Xdinary Heroes
55%
KickFlip
52%
SNSD
50%
TXT
50%
XLOV
50%
Baby DONT Cry
48%
SEVENTEEN
48%
EVERGLOW
47%
YOUNG POSSE
45%
AMPERS&ONE
44%
AKMU
41%
Fromis_9
41%
GOT the beat
41%
NCT DREAM
41%
GOT7
39%
LOONA
39%
ATEEZ
38%
LIGHTSUM
38%
NCT 127
38%
Newjeans
38%
TripleS
38%
Hearts2Hearts
36%
iKON
36%
ARTMS
33%
CLOSE YOUR EYES
33%
TREASURE
32%
ASTRO
30%
MONSTA X
30%
QWER
30%
CRAVITY
29%
i-dle
29%
H1-KEY
27%
TEMPEST
27%
THE BOYZ
27%
Black Swan
26%
CLC
26%
ALPHA DRIVE ONE
24%
EVNNE
24%
STAYC
24%
TRI.BE
24%
IZ*ONE
23%
OH MY GIRL
23%
ONEUS
23%
Purple Kiss
23%
VCHA
23%
ZEROBASEONE
23%
UNIS
20%
YOUNITE
20%
BADVILLIAN
18%
BOYNEXTDOOR
18%
ILY:1
18%
TWS
18%
ALL(H)OURS
17%
CLASS:y
17%
Day6
17%
KIIRAS
17%
SF9
17%
EXID
15%
Dreamcatcher
14%
idntt
14%
MEOVV
12%
xikers
12%
SAY MY NAME
11%
ifeye
9%
ODD YOUTH
9%
ONF
9%
WJSN
9%
BTOB
8%
idid
8%
Infinite
8%
PLAVE
8%
Rocket Punch
8%
T-ARA
8%
WayV
8%
BBGIRLS
6%
Girl’s Day
6%
Loossemble
6%
RESCENE
6%
AHOF
5%
GIRLSET
5%
VIVZ
5%
82MAJOR
3%
AtHeart
3%
MADEIN
3%
MAVE:
3%
Laboum
2%
Ladies’ Code
2%
n.SSign
2%
PIXY
2%
SHINee
2%
VVUP
2%
PENTAGON
0%
No matching quizzes found
Score Distribution
Percent of People with Each Score
Percentile by Number Answered
Your Score History
You have not taken this quiz since the last reset